00426cam a2200133u 4500082002700000100003700027245005400064260004200118300005600160526003700216650001400253650001700267650000800284 a624.1bATKcL-20, P-131 aAtkin, Harry. [from old catalog]14aThe erection of engineering structures and plant; aLondon,bChapman & Hall, ltd.,c1925. a2 p.bl., [vii]-xii, 198 p. illus., diagrs.c22 cm. a0b0c0d624_100000000000000_ATK 0aBuilding. 0aEngineering. 0aMCE